000 01201nam a2200229 a 4500
001 18269482
008 160923s2014 ||||||||||||||||| || u
010 _a2014415634
020 _a9780297870494
020 _a0062285505 (hbk.)
050 _aPS 3604.E54E53
100 _aDenfeld, Rene
245 1 4 _aThe enchanted
_cRene Denfeld
250 _aFirst edition
260 _aLondon
_bWeidenfeld & Nicolson
_c2014
260 _aLondon
_bWeidenfield & Nicolson
_c2014
300 _a238 pages
350 _a14.82
520 _aThe enchanted place is an ancient stone prison, viewed through the eyes of a death row inmate who finds escape in his books and in re-imagining life around him. A female investigator searches for buried information from prisoners' pasts that can save those soon-to-be-executed. Digging into the background of a killer named York, she uncovers wrenching truths that challenge familiar notions of victim and criminal, innocence and guilt, and reveals shocking secrets of her own.
650 _aENGLISH LANGUAGE
995 _aFICTION Collection
_e746791
_FCBU-SCHOOL OF MEDICINE LIBRARY (Ndola)
_I14.82
_jPS 3604.E54 E53
_M1
_UAVAILABLE
_WSep 23, 2016
_y746791
_ZFiction Collection
999 _c31335
_d31335